000 02043nam0a2200349 4500
001 RU\NLR\BIBL_A\012693966
005 20220504160647.0
010 _a978-5-17-120671-0
_92000
021 _aRU
_bКН-П-21-066653
_9КН-П-21-5267
035 _a(NLR Aleph) 012693966
035 _a(RuMoRGB)010819379
090 _a12856332
_c12856332
100 _a20220126d2021 u y0rusy50 ca
101 1 _arus
_ceng
102 _aRU
105 _ay z 000ay
181 0 _ai
_baxxe
182 0 _an
200 1 _aКрамер против Крамера
_e[роман]
_fЭвери Корман
_gперевод с английского Л. Таулевич
203 _aТекст
_bвизуальный
_cнепосредственный
210 _aМосква
_cN
_cАСТ
_d2021
215 _a252, [1] с.
_d21
225 1 _aСерия "Истинные ценности"
330 _aСчастливая, казалось бы, жена и мать Джоанна Крамер внезапно уходит из семьи, устав быть только женой и матерью и оставив малыша Билли на руках своего мужа Теда. Растерянный, сбитый с толку, Тед отчаянно пытается сделать то, что раньше не представлял даже возможным, - совместить работу с воспитанием ребенка. Однако полтора года спустя, когда жизнь Теда и Билли наконец-то начинает налаживаться, внезапно возвращается Джоанна - не в семью, а с требованием опеки над сыном
333 _a16+
686 1 _aШ6(7США)67-440.4{Лх1979-50}
700 1 _aКорман
_bЭ.
_f1935-
_gЭвери
_3RU\NLR\AUTH\770241982
942 _cBOOK
980 _aNB